00710nam a2200229 4500003000400000005001700004008004100021020001500062040001800077050002000095245005500115264008400170300001800254336002200272337002400294338002400318650001900342650004200361700004500403942001500448999001700463OSt20260530113857.0260507b2000 |||aeo|| |||| 001 0 eng d a9589691765 aICIbspacICI aHT166bT35 200010aTaller del Espacio Público:bProyectos 1998-2000 1bDepartamento Administrativo de Planeación Distritalc2000aBogotá, Colombia a177 páginas atexto2rdacontent asin medio2rdamedia avolumen2rdacarrier aUrbanismo9788 aCiudades y pueblosxDesarrollo931859 aAna Piedad JaramilloeCoordinador931860 2lcccBKn1 c11659d11659